000 00346 a2200169 4500
001 162913
020 _a85-329-0559-5
040 _cMagnum
100 _aJose, Elias
240 1 0 _aBaú de sonhos
_lpor
245 1 0 _aBaú de sonhos
300 _a30
362 0 _a1997
440 1 _a
697 _aLITERATURA INFANTO-JUVENIL
942 _cBK
999 _c162913
_d162913